Регионална библиотека "Любен Каравелов" - Русе

Паисий Хилендарски (Запис номер 123743)

MARC детайли
000 -Лидер
Контролно поле с фиксирана дължина 03317nam a2200553 a 4500
003 - Код на организацията, давaща контролен номер
Контролно поле BLK
005 - Дата и час на последна редакция
Контролно поле 20250329154944.0
008 - Елементи от данни с фиксирана дължина
fixed length control field 180409b bul|||||r ||||||| ||bul||
010 ## - Наследен системен номер
LC control number KNG00129406000
040 ## - Източник на каталожния запис
Идентификатор на билиотеката - собственик на записа BLK
041 ## - Код за език
Код за езика на текст/звукозапис или на отделно заглавие Български
Код за езика КДБФ Български
072 #7 - Код за тематичната категория
Код организация bullib
Код за тематична категория А
Текст Фонд Михаил Арнаудов
080 ## - УДК
Текстов определител УДК Възраждане
УДК код - определител по УДК 94(497.2)"17/18"
УДК определител (092)
УДК - код + определител 94(497.2)"17/18"(092)
080 ## - УДК
Текстов определител УДК Българска литература
УДК код - определител по УДК 821.163.2
УДК определител (092)
УДК - код + определител 821.163.2(092)
080 ## - УДК
Текстов определител УДК Български народен будител и духовник, автор на „История славянобългарска“
УДК код - определител по УДК 929 Паисий Хилендарски
УДК - код + определител 929 Паисий Хилендарски
100 1# - Редна дума - Автор
Автор Арнаудов, Михаил Петров
R(LIN) 33558
139 ## - Редно поле
Редна дума Арнаудов, Михаил Петров
Авторски знак Пад - П 14
245 10 - Сведения за заглавието
Заглавие Паисий Хилендарски
Подзаглавни данни Личност, дело, епоха
Редно поле (дума) Михаил Петров Арнаудов; ред. Боню Стоянов Ангелов.
257 ## - Страна на издаване
Страна на създаване/издаване България
260 ## - Област на издателските данни
Име на издателя, разпространителя и проч. Нар. култура
Година на издаване 1962
Място на издаване, разпространение и проч. София
300 ## - Физическа характеристика
Страници 160 с., 8 л.
Илюстрации и др. ил., факс.
Размери/Мащаб 21 см
380 ## - Жанр
Жанр История
490 ## - СЕРИИ (Колекции)
9 (RLIN) 396381
Име на серия Частна колекция - Академик Михаил Арнаудов
Бележки за серията Дарение - Основен фонд
500 ## - Общи забележки
Забележка Авт. не е даден на кор. - Фонд Михаил Арнаудов - Датиране на кн.: В продажба от 8 окт. 1962 ; Диплянка: Михаил Арнаудов, Бълг. кн., 1942. Подарък от Дирекцията на нац. пропаганда по случай изложбата на бълг. кн. (8 л.). - В екз. с инв. № 120000820137: има отметки в белите полета и зачеркване от М. Арнаудов ; Датиране на кн.: излязла в окт. 1962 ; Предтеча на велик прелом : 250 г. от рождението на Паисий Хилендарски. //Раб. дело, бр.33, 2. февр. 1972. -Твърда подв.
600 #0 - Име на лице, използвано като предмет
За него / За нея Паисий Хилендарски
Свързани дати 1722-1773
Друга информация Народен будител
Пълна форма на името Хадживълчев, Пенко (Петър) Михаилов
9 (RLIN) 251543
650 #4 - Допълнително описание по предмет – тема
Основно описание – тема или топоним Паисий Хилендарски
9 (RLIN) 252555
650 #0 - Допълнително описание по предмет – тема
Основно описание – тема или топоним Писатели, български - биографии
9 (RLIN) 243085
650 #4 - Допълнително описание по предмет – тема
Основно описание – тема или топоним Духовници, български - биографии
9 (RLIN) 298331
651 #4 - Допълнително описание по предмет - топоним
Географско понятие България
9 (RLIN) 241624
653 ## - Ключова дума – ненормативна
Ключова дума Паисий Хилендарски
653 ## - Ключова дума – ненормативна
Ключова дума духовници
653 ## - Ключова дума – ненормативна
Ключова дума просветители
653 ## - Ключова дума – ненормативна
Ключова дума български писатели
653 ## - Ключова дума – ненормативна
Ключова дума българска история
659 ## - Тематичен бюлетин
Тематичен бюлетин А
700 1# - Други автори (авторска отговорност)
Лично име Ангелов, Боню Стоянов
Автороска отговорност (Описва отношението между автора и произведението) ред.
9 (RLIN) 369405
852 ## - Местоположение
Форматна сигнатура Цб 24257
Фондова буква Хранилище
852 ## - Местоположение
Форматна сигнатура МА 20
Фондова буква Фонд "Михаил Арнаудов"
856 4# - Електронен адрес и достъп
Електронен формат pdf - файл
856 4# - Електронен адрес и достъп
Електронен формат pdf - файл
999 ## - СИСТЕМНИ КОНТРОЛНИ НОМЕРА
Koha biblionumber 123743
Koha biblioitemnumber 123743
942 ## - АРТИКУЛИ
Вид на библиотечния материал Книги
Скрит в OPAC Не
Периодичен библиозапис Да
944 ## - СЪЗДАВАНЕ И РЕДАКЦИЯ на ЗАПИСА
Създаване/Редакция Създаване
Дата на регистрацията/редакция 30.03.2012
Статус, дата на статуса Геновева Генчева
Служител, извършил регистрацията/редакцията 30560
944 ## - СЪЗДАВАНЕ И РЕДАКЦИЯ на ЗАПИСА
Създаване/Редакция Редакция
Дата на регистрацията/редакция 19.10.2016
Статус, дата на статуса 30.03.2012 - от С1,Р / 30.03.2012
Служител, извършил регистрацията/редакцията Геновева_Генчева
944 ## - СЪЗДАВАНЕ И РЕДАКЦИЯ на ЗАПИСА
Създаване/Редакция Редакция
Дата на регистрацията/редакция 2022-02-20
Статус, дата на статуса 2022-02-20
Служител, извършил регистрацията/редакцията ВК
999 ## - СИСТЕМНИ КОНТРОЛНИ НОМЕРА
Koha biblioitemnumber 123743
999 ## - СИСТЕМНИ КОНТРОЛНИ НОМЕРА
Koha biblioitemnumber 123743
999 ## - СИСТЕМНИ КОНТРОЛНИ НОМЕРА
Koha biblioitemnumber 123743
999 ## - СИСТЕМНИ КОНТРОЛНИ НОМЕРА
Koha biblioitemnumber 123743
Наличности
Код за отписване Код за изгубен артикул Източник на класификационната схема Код за повреда Коз за рестрикции Код за отдаване Артикулен № Име на библиотеката - собственик Име на библиотеката, в която се намира в момента Статус (Текущо местоположение) Дата на вписване в системата Местоположение - отдел Цена в лева Инвентарен номер Систематично азбучна сигнатура Баркод Номер на екземпляра Цена в евро Служебна бележка Служебен тип на артикула Бележка за публиката
  Не е изгубен Universal Decimal Classification Не е повреден само за читалня ползва се в читалня 200463 Регионална библиотека "Любен Каравелов" Русе Регионална библиотека "Любен Каравелов" Русе Хранилище 1962-01-01 Хранилище 0.81 15694/62 Цб 24257 900000089844 1 0.41 Дост: Dp Вид: Д N: стар фонд Дата: 01.01.1962 Книги  
Изтеглен Не е изгубен   Не е повреден без рестрикции заемане за дома 200464 Регионална библиотека "Любен Каравелов" Русе Регионална библиотека "Любен Каравелов" Русе   1962-01-01 Заемна - подръчен фонд 0.81 23076/62 П 949.72.04(092)/П 14 23076/62 2 0.41 Дост: Pk Вид: Ф N: стар фонд Дата: 01.01.1962 Книги Отч.N: 12/2018 , Дата: 02.02.2018
Изтеглен Не е изгубен Universal Decimal Classification Не е повреден без рестрикции заемане за дома 200465 Регионална библиотека "Любен Каравелов" Русе Регионална библиотека "Любен Каравелов" Русе Заемна - подръчен фонд 1962-01-01 Заемна - подръчен фонд 0.00 23079/62 П 949.72.04(092)/П 14 23079/62 3 0.00 Дост: Pk Вид: Ф N: стар фонд Дата: 01.01.1962 Книги  
Изтеглен Не е изгубен   Не е повреден без рестрикции заемане за дома 200466 Регионална библиотека "Любен Каравелов" Русе Регионална библиотека "Любен Каравелов" Русе Заемна - подръчен фонд 1962-01-01 Заемна - подръчен фонд 0.00 16407/62 П 949.72.04(092)/П 14 16407/62 4 0.00 Дост: Pk Вид: Ф N: стар фонд Дата: 01.01.1962 Дата инв: 21.03.2018 Бележки инв: П2018 Книги  
  Не е изгубен Universal Decimal Classification Не е повреден само за читалня Специални фондове ( старопечатни, редки и ценни, фонд М. Арнаудов) 200467 Регионална библиотека "Любен Каравелов" Русе Регионална библиотека "Любен Каравелов" Русе Фонд "Михаил Арнаудов" 1973-01-01 Фонд "Михаил Арнаудов" 0.81 319875 МА 20 120000319875 5 0.41 Дост: DA Вид: А N: стар фонд Дата: 01.01.1973 Книги  
  Не е изгубен Universal Decimal Classification Не е повреден само за читалня Специални фондове ( старопечатни, редки и ценни, фонд М. Арнаудов) 688106 Регионална библиотека "Любен Каравелов" Русе Регионална библиотека "Любен Каравелов" Русе Фонд "Михаил Арнаудов" 2019-01-16 Фонд "Михаил Арнаудов" 0.81   МА 20 120000820136   0.41   Книги  
  Не е изгубен Universal Decimal Classification Не е повреден само за читалня Специални фондове ( старопечатни, редки и ценни, фонд М. Арнаудов) 688408 Регионална библиотека "Любен Каравелов" Русе Регионална библиотека "Любен Каравелов" Русе Фонд "Михаил Арнаудов" 2019-01-17 Фонд "Михаил Арнаудов" 0.81   МА 20 120000820137   0.41   Книги  
Vip Innovations Ltd, Rousse, Bulgaria 2025